000 00628nam a2200229 i 4500
001 C2-0250727
003 PPAK
005 20180727214345.0
008 030716s1949 nyua|||| ||||| | eng d
040 _aPPAK
_beng
_cPPAK
_erda
082 0 4 _a784.274
_223
090 0 0 _a784.274
_bPAH
_dKSI
100 1 _aPahlen's, Kurt,
_eauthor
245 1 0 _aMusic of the world :
_ba history
264 1 _aNew York :
_bCrown ,
_c1949
300 _a424 pages :
_billustrations ;
_c24 cm
336 _2rdacontent
_atext
337 _2rdamedia
_aunmediated
338 _2rdacarrier
_avolume
650 1 0 _aMusic - United State
942 _ddc
_cB
999 _c64052
_d64052